[Event "Superbet Rapid & Blitz"]
[Site "?"]
[Date "2019.11.06"]
[Round "1.2"]
[White "Giri, Anish"]
[Black "So, Wesley"]
[Result "1-0"]
[WhiteElo "2776"]
[BlackElo "2760"]
[EventDate "2019.??.??"]
[Annotator "Bojkov,Dejan"]
[PlyCount "77"]
[Beauty "7767851024902"]
[EventType "blitz"]

1.d4 Nf6 2.c4 e6 3.Nf3 d5 4.g3 dxc4 5.Bg2 c5 6.O-O Nc6 7.dxc5 Qxd1 8.Rxd1 Bxc5 9.Nbd2 c3 {A common desperado idea: before leaving the board the pawn wants to make some damage to the opponent's pawn structure.} 10.bxc3 O-O 11.Nb3 Be7 12.c4 {In return White seizes space with this potential weakness.} 12...Bd7 13.Bb2 Rfd8 14.Nfd4 Rac8 15.Nb5 b6 16.Nd6 {Gaining the bishop pair.} ( {Two years back Giri successfully... defended this position as Black after} 16.Rac1 a5 17.a4 Be8 18.Rxd8 Rxd8 19.Bf3 Rc8 20.c5 bxc5 21.Nxc5 Ne5 22.Bxe5 Rxc5 23.Rxc5 Bxc5 {Aronian,L (2801)-Giri,A (2762) Heraklio 2017} ) 16...Bxd6 17.Rxd6 Be8 18.Rxd8 Nxd8 19.Rc1 Bc6 {Whereas So deals with the Catalan bishop.} 20.c5 Bxg2 21.Kxg2 Nd7 22.cxb6 Rxc1 23.Bxc1 axb6 24.Kf3 {Two games have reached this position according to my Megabase. Both of them were played by Wesley So. Giri on the other hand had a few minutes to check what to expect and decided to try on an idea of his.} 24...Nc6 25.Ke3 $1 {Keeps the king away from the checks.} ( {Giri was aware of another game of his opponent which went} 25.Ke4 f5+ 26.Kd3 b5 27.Ba3 e5 28.e4 g6 29.Nc5 Nxc5+ 30.Bxc5 Kf7 31.f3 {\BD-\BD (31) Sjugirov,S (2662)-So,W (2767) Isle of Man 2019. The black king entered the game too soon.} ) 25...Kf8 ( 25...f5 26.Nd4 Nxd4 27.Kxd4 {"There is an illusion that this is sort of a fortress but it is on not as I go Kd4-c3-b4 to pick up the pawn" (Giri)} 27...b5 28.Kc3 ) 26.Nd4 $146 ( {In an earlier game So defended after} 26.Kd3 b5 27.Ba3+ Ke8 28.f4 f5 29.e4 fxe4+ 30.Kxe4 Nf6+ 31.Kf3 e5 32.f5 Kf7 33.Bb2 g6 34.fxg6+ Kxg6 35.h3 h5 {1/2-1/2 (35) Ding,L (2805)-So,W (2754) Stavanger 2019} ) 26...Nxd4 27.Kxd4 {Giri quoted the plan for the defender: bring the king to c6, then the knight goes to d7 and has enough squares, while all the black pawns will be safe on the kingside after g7-g6. Unfortunately for So, this is not achievable and his king can only make it to the c7-b7 squares.} 27...Ke7 28.Kc4 Kd6 29.Kb5 Kc7 {"It is all about zugzwang now." (Giri) It does not seem that White can achieve it as So can simply shuffle his king along the c7-b7 path. However, the Dutch GM knew the winning setup with a bishop on d6 and a pawn on g5 which deprives both the black pieces of enough squares. And he knew it from home!} 30.g4 $3 {The idea.} 30...Nf6 ( {Zugzwang is most likely also achieved after} 30...Kb7 31.g5 Kc7 32.Bf4+ Kb7 ( {However, critical was} 32...e5 $1 {when the Dutchman had some memories that Black should hold.} ) 33.Bd6 {As Black should be running out of moves. (Giri)} ) 31.Be3 Nd7 ( {The broken symmetry certainly favors the bishop:} 31...Nxg4 32.Bxb6+ Kb7 33.h3 Nf6 34.Bd4 {with the strong threat of a piece exchange with won pawn endgame. Is this mathematecally winning for White? Most likely yes.} ) 32.h4 $1 {White wants to get as much space as he can in order to limit the enemy knight and force zugwang. So's next move only helps the first player.} 32...f5 ( {Better was to stay and pray that this is enough to hold:} 32...Kb7 ) 33.g5 {Giri follows his plan.} ( {The other way to profit from the kingside situation was related to} 33.gxf5 exf5 34.Bd4 g6 35.f3 {The bishop dominates and White will soon have a strong passer.} ) 33...g6 34.f4 $1 {Now that the pawns are fixed Black quickly runs out of moves.} 34...Kb7 35.a4 Kc7 36.Bf2 $1 {In order to get to f6 at the right moment.} 36...Kb7 37.Bd4 Kc7 38.Bf6 h6 {Loses on the spot but Black was anyway helpless.} ( {More resilient was:} 38...h5 {Although there too White knew how to win:} 39.Bd4 Kb7 {First a three-step maneuver with the bishop:} 40.Be3 Kc7 41.Bf2 Kb7 42.Bd4 Kc7 43.Bf6 {Zugzwang.} 43...Nf8 44.Be5+ Kb7 45.Bd6 Nd7 {Then comes the reserved pawn move.} 46.e3 $1 {(Giri)} ) 39.Bd8+ $1 {A neat way to prove superiority over the knight. If we can rephrase Tartakower, any piece (and pawn) can abuse it.} ( 39.Bd8+ Kxd8 40.gxh6 Nf6 ( 40...Nf8 41.Kxb6 ) 41.Kxb6 {The a-pawn will deflect the black king while the white one will clear the opposite wing.} ) 1-0

[Event "Superbet Rapid & Blitz"]
[Site "?"]
[Date "2019.11.07"]
[Round "4.4"]
[White "Korobov, Anton"]
[Black "Anand, Viswanathan"]
[Result "1-0"]
[WhiteElo "2670"]
[BlackElo "2757"]
[EventDate "2019.??.??"]
[Annotator "Bojkov,Dejan"]
[PlyCount "53"]
[Beauty "8250388645432"]
[EventType "blitz"]

1.d4 Nf6 2.c4 e6 3.Nf3 d5 4.Nc3 Bb4 5.Bg5 h6 6.Bxf6 Qxf6 7.Qa4+ Nc6 8.e3 O-O 9.Rd1 {A mysterious rook move, as Nimowitsch would have called it. The idea is to be prepared for Black's main operation: capture on c4, followed by e6-e5. In the meantime White tries to save a tempo on the capture on c4 and does not want to move his bishop.} ( {The rook can also occupy the file which is about to get opened:} 9.Rc1 Rd8 10.Be2 dxc4 11.Bxc4 Bxc3+ 12.bxc3 Bd7 13.Be2 e5 14.Qc2 Bf5 15.Qb2 e4 {Ding,L (2805)-Giri,A (2779) St. Louis 2019} ) 9...Rd8 10.Qb3 Qe7 $146 {Anand improves on a game of Korobov. The queen supports the central freeing move e6-e5.} ( {An earlier game ended peacefully after} 10...Qg6 11.h3 dxc4 12.Bxc4 Qxg2 13.Ke2 Qg6 14.d5 exd5 15.Nxd5 Bf8 16.Rhg1 Qf5 17.Nh4 Qh5+ 18.Nf3 Qf5 19.Nh4 Qh5+ 20.Nf3 Qf5 {1/2-1/2 (20) Korobov,A (2679)-Moiseenko,A (2635) Douglas 2019} ) 11.a3 dxc4 12.Qxc4 {The only way to fight for the advantage.} ( {Otherwise Black relieves his situation with piece exchanges:} 12.Bxc4 Na5 13.Qxb4 Qxb4 14.axb4 Nxc4 ) 12...Bd6 13.Bd3 e5 {The job is done; Anand seems good in the center. However, Korobov uncorks a clever plan.} 14.d5 ( {White has nothing after} 14.O-O Bg4 ( {or the preliminary} 14...exd4 15.exd4 Bg4 ) ) 14...Nb8 15.g4 $1 {In the spirit of Shabalov and Shirov. Castling was delayed, so why not use the kingside rook for the attack?!} ( {Instead} 15.O-O Nd7 {is pleasant for Black.} ) 15...Nd7 16.Rg1 Nc5 ( {Apparently, the former world champion was afraid to allow the white knight come close to his king in the line} 16...g6 17.g5 ( 17.Ne4 Nf6 18.Nxd6 cxd6 19.g5 hxg5 20.Nxg5 b5 $5 {is not as interesting for the first player...} ) 17...h5 18.Ne4 Nc5 19.Nf6+ {...and rightly so. This knight is more valuable than a rook.} ) 17.Bb1 {Keeping the attacking bishop alive.} ( {There was no time to calculate the wild complications after} 17.g5 b5 $1 18.Nxb5 Nxd3+ 19.Rxd3 e4 20.gxh6 $1 {Now} 20...exf3 $1 {is a must.} ( {As the knight is too valuable of the attacker:} 20...exd3 $2 21.Rxg7+ Kf8 22.Ng5 $1 {with a crushing attack against the black king.} ) 21.Rxg7+ Kf8 {The computer claims this should be a draw with careful play by both sides, but who knows?} ) 17...b5 $1 {Anand does not intend to sit and wait and clears the road for his pieces.} 18.Nxb5 ( 18.Qe2 {allows Black time to lock the kingside after} 18...g6 19.g5 h5 ) ( {whereas} 18.Qxb5 {is best met with the accurate} 18...a5 $1 {which takes away the square from the white queen. Next Bc8-a6 will follow with excellent counterplay.} ( {Also interesting looks} 18...e4 $5 19.Nd4 Ba6 ) ( {However} 18...Ba6 19.Qa5 {is not as impressive.} ) ) 18...a5 {Black does not have time for this!} ( {In case of the immediate pin} 18...Ba6 {White can always escape from it with a tempo-retreat aiming at the black king. For example:} 19.b4 Nd7 ( {Or} 19...Na4 20.Qc2 $1 ) 20.Qc2 $1 Nf8 21.Nxd6 cxd6 22.g5 {and Black's compensation is not sufficient.} ) ( {Therefore} 18...g6 $1 {was called for. The diagonal is secured and White can no longer open the g-file. Anand could be in good shape even two pawns down, as in the line} 19.Nxd6 cxd6 20.b4 Na4 21.Qb3 Bd7 22.g5 Rac8 23.gxh6 Nc3 24.Rc1 Nxb1 25.Rxc8 Rxc8 26.Qxb1 Bb5 {Especially when the white king remains under siege.} ) 19.g5 h5 20.g6 $1 {This must have been missed by the Indian GM. Korobov does not let the position get blocked.} 20...f5 ( {The last chance was} 20...fxg6 21.Bxg6 ( 21.Nxd6 cxd6 ) 21...Rf8 22.Bxh5 e4 23.Ng5 Qe5 {Without the white queen in the attack, Black can survive.} ) 21.Ng5 Qf6 22.Nf7 $1 {If the knight on f6 was scary, this one is deadly.} ( {Also good was} 22.Nxd6 cxd6 23.Qh4 Qxg6 24.b4 axb4 25.axb4 Nb7 26.Rg3 $1 {with unstoppable threats.} ) 22...Ba6 ( {Nothing changes} 22...Rf8 23.Qe2 Qh4 24.Rg5 ) 23.Rg5 e4 ( {After} 23...Bxb5 {I suspect that Korobov would have simply ignored the bishop and would have proceeded with the attack:} 24.Qh4 ( {Although} 24.Qxb5 {certainly wins too.} ) 24...Be8 25.Qxh5 Bxf7 26.Qh7+ Kf8 27.Rxf5 {The attack nets White a queen. For starters.} ) 24.Qe2 Bxb5 25.Qxh5 Kf8 26.Rxf5 Qxb2 27.Ne5+ ( 27.Ne5+ {It is mate in three:} 27...Ke7 28.Rf7+ Ke8 29.Qh8+ ) 1-0

[Event "Superbet Rapid & Blitz"]
[Site "?"]
[Date "2019.11.10"]
[Round "27.4"]
[White "Karjakin, Sergey"]
[Black "Korobov, Anton"]
[Result "1/2-1/2"]
[WhiteElo "2754"]
[BlackElo "2670"]
[EventDate "2019.??.??"]
[Annotator "Bojkov,Dejan"]
[PlyCount "102"]
[Beauty "5571646394966"]
[EventType "blitz"]

1.e4 c5 2.Nf3 d6 3.d4 cxd4 4.Nxd4 Nf6 5.Nc3 a6 6.Bd3 e6 7.f4 Qc7 8.Qe2 b5 9.a3 Nbd7 10.O-O Bb7 11.Nf3 Be7 12.Bd2 O-O 13.Rae1 Rac8 14.Kh1 ( {White's set-up is designed for a central attack. However:} 14.e5 Nd5 15.Nxd5 Bxd5 {does not lead him anywhere.} ) ( {Also an attempt to bring some pieces for a kingside attack with} 14.Nd1 {is harmless for Black after:} 14...Nc5 ) 14...Nc5 15.b4 ( {Once again Black will simply ignore his opponent in case of} 15.e5 Nfd7 ) 15...Nxd3 16.cxd3 Qd7 {Preparing counterplay along the c-file. Korobov's position is quite pleasant.} 17.Nd4 Rc7 18.Na2 $5 {Karjakin maneuvers his knight towards the a5 outpost.} ( {More natural seemed to send the knight to e3 in order to fight for the d5 square after a possible f4-f5, while at the same time defending the entry square on c2.} 18.Nd1 ) 18...Rfc8 19.Nc1 g6 20.Ncb3 e5 {Korobov feels that the knights are not optimally placed and this is a good moment to break open the position for the bishops.} ( {However, more solid (and sound) was to slowly improve the position with} 20...Bf8 21.Na5 Ba8 ) 21.fxe5 dxe5 22.Nf3 Qe6 23.Nc5 $1 {An additional chance that was presented thanks to the opening of the f-file. Black has to be careful now!} 23...Bxc5 24.bxc5 Rxc5 $2 {And he is not!} ( {Correct was to keep the rook on the seventh rank in order to defend the f7 pawn with} 24...Nh5 $1 {Then} 25.Ng5 {can be met with either} 25...Qa2 ( {Or} 25...Qb3 {in both cases with a roughly equal game.} ) ) 25.Ng5 Qe7 {Accepting the loss of the exchange.} ( {The only square on which the queen and the c5 rook were not pinned was} 25...Qc6 {However, this loses to} 26.Nxf7 $1 Kxf7 27.Bg5 {when White regains the material with a strong attack.} ) 26.Bb4 h6 27.Nf3 a5 28.Bxc5 Rxc5 29.Qd2 {Another double attack. Karjakin is obviously winning.} 29...Kg7 30.Qxa5 Nh5 31.Qb4 Qc7 32.Qd2 ( {More solid was} 32.Qb2 Qd6 33.Rd1 ) 32...Qd6 33.g3 $6 {Why open the diagonal against his own king without any necessity? In blitz!?} ( {It was not too late to revert to the line from above with} 33.Qb4 ) 33...f5 $1 {Now it gets very, very messy.} 34.exf5 gxf5 35.Kg1 Nf6 ( 35...Kh7 {was more accurate, not allowing knight forks.} ) 36.Nh4 Qc6 {This is why the long diagonal should not have been opened. Karjakin has to think about defense as well, not only about converting the material advantage.} 37.Qg2 ( {With seconds on the clock it is easy to miss a brilliancy:} 37.Nxf5+ $1 Kf7 38.Re4 $3 Qb6 ( 38...Nxe4 39.dxe4 {is also hopeless for Black.} ) 39.Qxh6 $1 {and none of the discovered checks can save Black.} ) 37...Qb6 $1 {There are so many problems on the diagonals now!} 38.Nxf5+ Kh7 39.Qh3 $1 {But Karjakin does not tremble and creates mating threats on his own!} 39...Rc2+ 40.d4 $1 ( {If White sacrifices the queen with} 40.Ne3 Rg2+ 41.Qxg2 Bxg2 42.Kxg2 Qc6+ {it is not clear. The queen is very good whenever the enemy king lacks safety.} ) 40...Ng4 $1 {Exclam for the courage!} ( {It was not too late to switch to a similar line to the one from above with} 40...Rg2+ 41.Qxg2 Bxg2 42.Kxg2 Qc6+ 43.Kh3 e4 ) 41.Ne3 $1 ( {There was a curious draw:} 41.Re4 $5 {This drags the bishop closer to the white queen. Then, after} 41...Bxe4 42.Qxg4 Rg2+ 43.Kh1 Re2+ {The only square to defend the bishop.} 44.Kg1 {leads to perpetual.} ) 41...Qxd4 42.Rf7+ $1 {The only move.} ( {Black checkmates after} 42.Qxg4 Rg2+ $1 ( {But note that the moves cannot be transposed:} 42...Qxg4 {with the idea} 43.Nxg4 ( {is refuted by the same intermediate check} 43.Rf7+ $1 {when the white king gets breathing room.} ) 43...Rg2+ 44.Kh1 Rxg3+ {and mate.} ) 43.Kh1 Rxg3+ ) 42...Kg6 43.Rxb7 Nxe3 {Black is almost mating, but it is White who starts the checks first.} 44.Qe6+ Kh5 45.Qf7+ {Karjakin wants to mate.} ( {Otherwise he could have repeated with} 45.Qh3+ Kg6 ( {as Black cannot deviate:} 45...Kg5 $4 46.Rg7+ Kf6 47.Qxh6+ Kf5 48.Qg6# ) 46.Qe6+ ) 45...Kg5 ( {Better was} 45...Kg4 $1 46.Qd7+ Kf3 47.Qxd4 exd4 48.Rd7 Ke4 {and because of his active pieces Black should hold this.} ) 46.Qg7+ ( {I am not sure that White would have found the win here even in a classical game.} 46.Qe7+ $1 Kf5 47.Qd7+ Ke4 {Now comes the comp-cool} 48.Qh3 $3 {which defends everything and puts Black in some sort of a zugwang. White is winning, say:} 48...Kd3 49.Rd7 Nd5+ 50.Kh1 {The pins are awesome for the first player.} ) 46...Kh5 47.Qf7+ Kg5 48.Rd7 {A blunder, which could have lost the game.} 48...Rg2+ 49.Kh1 {Here comes the swindle:} 49...Rxh2+ $1 50.Kg1 Rg2+ 51.Kh1 Rh2+ {The peace was signed here.} ( 51...Rh2+ {A pity, there was a second swindle, hidden a bit:} 52.Kg1 Rh1+ $3 {with mate after} 53.Kxh1 Qe4+ ) 1/2-1/2

[Event "Tata Steel Rapid & Blitz"]
[Site "?"]
[Date "2019.11.22"]
[Round "3.3"]
[White "Aronian, Levon"]
[Black "Carlsen, Magnus"]
[Result "0-1"]
[WhiteElo "2772"]
[BlackElo "2870"]
[EventDate "2019.??.??"]
[Annotator "Bojkov,Dejan"]
[PlyCount "136"]
[Beauty "5910411888670"]
[EventType "blitz"]

1.e4 c5 2.Nf3 d6 3.d4 cxd4 4.Nxd4 Nf6 5.Nc3 a6 6.f3 e5 7.Nb3 Be6 8.Be3 Nbd7 9.g4 Be7 10.Qd2 O-O 11.O-O-O b5 12.g5 Nh5 13.Kb1 Nb6 14.Na5 Rc8 15.a3 g6 16.h4 Ng3 17.Rg1 ( {White got the upper hand in the following game:} 17.Rh2 Nxf1 18.Rxf1 h5 ( {However, Black's play could be improved with a move that Carlsen used in the actual game:} 18...Na4 $5 ) 19.Bxb6 Qxb6 20.Nd5 Bxd5 21.exd5 f5 22.gxf6 Bxf6 23.Rg2 Kh7 24.Nc6 {Navara,D (2739)-Wojtaszek,R (2722) Prague 2019} ) 17...Nxf1 18.Rgxf1 Na4 19.Nxa4 bxa4 20.h5 Qd7 $146 {A novelty. The queen is well placed on the seventh rank, both ready to protect the black king from the kingside attack and get to a better position on b5 for instance.} ( {A correspondence game quickly ended peacefully after} 20...Re8 21.Rh1 Qc7 22.Qh2 Bf8 23.c4 Re7 24.Qd2 Rd7 25.Rh4 Be7 26.Rdh1 Bd8 27.Qh2 Bxc4 28.hxg6 {1/2-1/2 Efremov,A (2550)-Matyukhin,S (2503) ICCF email 2013} ) 21.Rh1 Rfe8 22.Qh2 Bf8 23.Bd2 $1 {Nice regroupment by Aronian. Bb4 will hit the backward pawn, defend the knight and block the b-file from the major piece attack.} 23...Rc7 {Very logical, the rook overprotects the seventh rank thus allowing a chance to the queen to be activated. Logical, but not perfect.} ( {Best was} 23...d5 {not fearing} 24.hxg6 fxg6 25.exd5 Bxd5 26.Bb4 Rc7 27.Bxf8 Kxf8 {with approximate equality.} ) 24.Bb4 Rb8 25.Rd3 Qb5 26.Rc3 {But this is a serious mistake. One pair of rooks less means more room for the black pieces to operate. They just fit in perfectly.} ( {On top of that, Aronian misses a chance to capitalize on Black's temporarily poor coordination. Strong was} 26.c4 $3 {when the pawn is immune:} 26...Bxc4 $2 {loses after} ( {whereas if the queen retreats:} 26...Qd7 27.hxg6 fxg6 28.Rhd1 {Black cannot protect the backward pawn anymore:} 28...Rb6 29.c5 ) ( {White is significantly better after} 26...Qb6 27.hxg6 fxg6 28.Qd2 Bxc4 29.Nxc4 Rxc4 30.Bxd6 {as well.} ) 27.Nxc4 Qxc4 ( {Or} 27...Rxc4 28.hxg6 ) 28.Rc3 {and the rook suffers.} ) ( {Instead of the move in the game, a better alternative was} 26.Rhd1 Rbc8 27.R3d2 {in order to keep both pairs of rooks on the board. Then Black will find it much harder to maneuver with his bishop to a better position. The game should be approximately balanced in this case.} ) 26...Rbc8 27.Rxc7 Rxc7 28.Rd1 Rd7 29.Rd3 Be7 {This is the thing. The bishop no longer needs to protect the king and can enter the battle.} 30.hxg6 fxg6 ( {Apparently Carlsen found the pawn not quite ripe enough:} 30...hxg6 31.Rd1 Bxg5 32.Rh1 Bf6 33.Qh7+ Kf8 {with compensation.} ) 31.Qd2 Qb6 32.Qc1 Bd8 $1 {It is the knight which is more attractive to the world champion. In order to save it Aronian needs to weaken the second rank.} 33.c4 Qf2 34.Nc6 {Another natural move and yet another mistake. This game is a nice example that obvious does not mean best.} ( {White could have still generated nice counterplay with} 34.c5 dxc5 35.Rxd7 Bxd7 36.Qc4+ Kg7 37.Bc3 ) 34...Bxg5 $1 {A well-calculated temporary sacrifice which secures Black a pleasant endgame.} 35.Qxg5 Qf1+ 36.Kc2 Bxc4 37.Qe3 ( {Not} 37.Rd2 $4 Bb3+ 38.Kc3 Qc4# ) ( {Or the desperate} 37.Nxe5 Bb3+ 38.Kc3 Rc7+ 39.Kd4 Qf2+ 40.Qe3 Qxb2+ ) 37...Bxd3+ 38.Qxd3 Qxd3+ 39.Kxd3 h5 40.Ke3 {Aronian tries to distribute his remaining forces properly. The king goes to the kingside to stop the passers.} ( 40.Na5 $5 {would have been met with} 40...h4 41.Ke2 d5 {opening a file for the rook.} ) 40...Kf7 {The bishop will take care of the queenside...} ( 40...Rc7 $5 41.Na5 Rc2 ) 41.Bc3 Ke6 42.Nb4 {..whereas the knight will cement the center.} 42...g5 43.Kf2 ( {Or} 43.Nd5 Rf7 ) 43...Rf7 {But it ain't enough. Black cannot break on the queenside and in the center, but on the kingside there is an uneven battle of a rook and pawns against the king and a pawn.} 44.Kg2 g4 45.fxg4 Rg7 $1 {Brilliant! Carlsen keeps the more distant passer in order to create more room for his rook and overstretch the white pieces.} ( {Much worse was} 45...hxg4 46.Nd5 Rf3 47.Bd2 {when White can eventually build a fortress.} ) 46.Nd5 ( {The outcome of the game would not be changed after} 46.Nxa6 Rxg4+ 47.Kf3 Rg1 ) 46...Rxg4+ 47.Kf3 Rg1 {Next the world champion will push the outside passer as far as possible.} 48.Kf2 Rg7 $2 {A click in a won position.} ( 48...Rg8 {would have done the job.} ) 49.Kf3 ( {Aronian was presented with a chance to save himself with} 49.Nf4+ ) 49...h4 50.Be1 h3 51.Bg3 {Thus, arresting some of the white pieces. Next, it is time for the rook to completely tie down the remaining white pieces.} 51...Rb7 52.Nb4 a5 53.Nd3 Rb3 54.Ke2 {Mission accomplished. It is his Majesty's move.} 54...Kf6 $1 55.Bh2 Kg5 56.Bg3 Kg4 57.Bh2 {All is ready for} 57...Rxd3 $1 {The 'petite combinaison.'} 58.Kxd3 Kf3 59.Kd2 ( {Since} 59.Bg1 Kg2 {ends White's suffering at once.} ) 59...Kxe4 $1 ( {But not the rushy:} 59...Kg2 $2 60.Ke2 Kxh2 61.Kf2 {with a draw.} ) 60.Ke2 d5 61.Bg3 d4 62.Bh2 Kd5 63.Kd2 e4 64.Ke2 Kc4 65.Be5 Kb3 66.Kd2 d3 67.Kd1 e3 68.Kc1 Kc4 0-1